The Multilateral Methods for the Consumer Price Index Measurement Using Scanner Data in the Conditions of the Slovak Republic
Vybrané zistenia experimentálnej štúdie zameranej na využitie multilaterálnej metódy na zostavenie elementárnych cenových indexov, realizovanej na reálnych dátach piatich obchodných reťazcov pre divíziu „Potraviny a nealkoholické nápoje“.
Gespeichert in:
| 1. Verfasser: | |
|---|---|
| Format: | Buchkapitel |
| Sprache: | Englisch |
| Schlagworte: | |
| Tags: |
Keine Tags, Fügen Sie das erste Tag hinzu!
|
MARC
| LEADER | 00000naa$a2200000$$$4500 | ||
|---|---|---|---|
| 001 | 0280631 | ||
| 005 | 20240502083856.0 | ||
| 041 | 0 | |a eng | |
| 044 | |a HR | ||
| 245 | 1 | 0 | |a The Multilateral Methods for the Consumer Price Index Measurement Using Scanner Data in the Conditions of the Slovak Republic |c Helena Glaser-Opitzová |
| 520 | |a Vybrané zistenia experimentálnej štúdie zameranej na využitie multilaterálnej metódy na zostavenie elementárnych cenových indexov, realizovanej na reálnych dátach piatich obchodných reťazcov pre divíziu „Potraviny a nealkoholické nápoje“. | ||
| 610 | 2 | 0 | |a ceny spotrebiteľské |
| 610 | 2 | 0 | |a index cien spotrebiteľských |
| 610 | 2 | 0 | |a reťazce obchodné |
| 610 | 2 | 0 | |a potraviny |
| 100 | 1 | |a Glaser-Opitzová, Helena, 1964- | |